Sultans, shamans, and saints :Islam and Muslims in Southeast Asia(E-BOOK) (Record no. 193043)
[ view plain ]
| 000 -LEADER | |
|---|---|
| fixed length control field | 01169 a2200277 4500 |
| 003 - CONTROL NUMBER IDENTIFIER | |
| control field | Nust |
| 005 - DATE AND TIME OF LATEST TRANSACTION | |
| control field | 20170207154049.0 |
| 010 ## - LIBRARY OF CONGRESS CONTROL NUMBER | |
| LC control number | 2006024209 |
| 020 ## - INTERNATIONAL STANDARD BOOK NUMBER | |
| International Standard Book Number | 0-8248-3052-0 (hardcover : alk. paper) |
| 020 ## - INTERNATIONAL STANDARD BOOK NUMBER | |
| International Standard Book Number | 978-0-8248-3052-6 (hardcover : alk. paper) |
| 035 ## - SYSTEM CONTROL NUMBER | |
| System control number | (DLC) 2006024209 |
| 040 ## - CATALOGING SOURCE | |
| Transcribing agency | Nust |
| 082 00 - DEWEY DECIMAL CLASSIFICATION NUMBER | |
| Classification number | 297.0959 |
| 100 1# - MAIN ENTRY--PERSONAL NAME | |
| Personal name | Federspiel, Howard M. |
| 245 10 - TITLE STATEMENT | |
| Title | Sultans, shamans, and saints :Islam and Muslims in Southeast Asia(E-BOOK) |
| Statement of responsibility, etc. | Howard M. Federspiel |
| 246 18 - VARYING FORM OF TITLE | |
| Title proper/short title | Sultans, shamans & saints |
| 260 ## - PUBLICATION, DISTRIBUTION, ETC. | |
| Place of publication, distribution, etc. | Honolulu : |
| Name of publisher, distributor, etc. | University of Hawai'i Press, |
| Date of publication, distribution, etc. | c2007 |
| 300 ## - PHYSICAL DESCRIPTION | |
| Extent | xi, 297 p. : |
| Other physical details | maps ; |
| Dimensions | 24 cm. |
| 505 0# - FORMATTED CONTENTS NOTE | |
| Formatted contents note | Introduction -- Muslim wayfarers (600 a.d. to 1300) -- Emergence of a hybrid Muslim culture (1300 to 1800) -- The emergence of new Muslim institutions (1800 to 1945) -- Nation-states and civil values (1945 -2000) -- Analysis -- Postscript |
| 650 #7 - SUBJECT ADDED ENTRY--TOPICAL TERM | |
| Topical term or geographic name entry element | Islam |
| General subdivision | historia |
| Geographic subdivision | Sydasien |
| 650 #7 - SUBJECT ADDED ENTRY--TOPICAL TERM | |
| Topical term or geographic name entry element | Islam |
| Geographic subdivision | South Asia |
| General subdivision | History |
| 650 #7 - SUBJECT ADDED ENTRY--TOPICAL TERM | |
| Topical term or geographic name entry element | Muslimer |
| General subdivision | historia |
| Geographic subdivision | Sydasien |
| 650 #7 - SUBJECT ADDED ENTRY--TOPICAL TERM | |
| Topical term or geographic name entry element | Muslims |
| Geographic subdivision | South Asia |
| General subdivision | History |
| 651 ## - SUBJECT ADDED ENTRY--GEOGRAPHIC NAME | |
| Geographic name | E-BOOK |
| 856 41 - ELECTRONIC LOCATION AND ACCESS | |
| Materials specified | Table of contents only |
| Uniform Resource Identifier | <a href="http://www.loc.gov/catdir/toc/ecip0618/2006024209.html">http://www.loc.gov/catdir/toc/ecip0618/2006024209.html</a> |
| 942 ## - ADDED ENTRY ELEMENTS (KOHA) | |
| Source of classification or shelving scheme | |
| Koha item type | Book |
| Withdrawn status | Lost status | Source of classification or shelving scheme | Damaged status | Not for loan | Collection code | Permanent Location | Current Location | Date acquired | Total Checkouts | Full call number | Barcode | Date last seen | Price effective from | Koha item type |
|---|---|---|---|---|---|---|---|---|---|---|---|---|---|---|
| Military College of Signals (MCS) | Military College of Signals (MCS) | 12/12/2016 | 297.0959 FED | MCSEB-2825 | 12/08/2016 | 12/12/2016 | Book |
